| 000 | 00693nam a2200193 a 4500 | ||
|---|---|---|---|
| 005 | 20260322212016.0 | ||
| 008 | data | ||
| 020 | _a087822436X (student manual) | ||
| 020 | _a9780878224364 (student manual) | ||
| 040 | _aBorders/Amazon | ||
| 090 | _aBF 724.3 .S86 D347 2002 | ||
| 100 | 1 | _aDe Anda, Diane. | |
| 245 | 1 | 0 |
_aStress management for adolescents : _ba cognitive-behavioral program : student manual / _cDiane De Anda. |
| 260 |
_aChampaign, Ill. _bResearch Press _c 2002 |
||
| 300 |
_aiii, 61 p. : _b spiralbound ; _c ill. ; 28 cm. |
||
| 650 | 4 |
_aStress in adolescence _xrehabilitation _xrehabilitation |
|
| 650 | 4 |
_aStress management for teenagers _xrehabilitation _xrehabilitation |
|
| 001 | data | ||
| 999 |
_c360 _d360 |
||